प्रतिज्ञा (Record no. 404463)

MARC details
000 -LEADER
fixed length control field 00429nam a2200145Ia 4500
008 - FIXED-LENGTH DATA ELEMENTS--GENERAL INFORMATION
fixed length control field 100122s9999 xx 000 0 und d
082 ## - DEWEY DECIMAL CLASSIFICATION NUMBER
Item number 13729
Classification number 823
100 ## - MAIN ENTRY--PERSONAL NAME
Personal name फडके ना सी
245 ## - TITLE STATEMENT
Title प्रतिज्ञा
260 ## - PUBLICATION, DISTRIBUTION, ETC. (IMPRINT)
Name of publisher, distributor, etc मॅजेस्टिक बुक स्टॉल
Date of publication, distribution, etc 1942
300 ## - PHYSICAL DESCRIPTION
Extent 263
630 ## - SUBJECT ADDED ENTRY--UNIFORM TITLE
Uniform title प्रतिज्ञा
730 ## - ADDED ENTRY--UNIFORM TITLE
Uniform title प्रतिज्ञा
942 ## - ADDED ENTRY ELEMENTS (KOHA)
Koha item type Book

No items available.